Metric Space Topology (Record no. 249368)
[ view plain ]
| 000 -LEADER | |
|---|---|
| fixed length control field | 00527nam a22002057a 4500 |
| 003 - CONTROL NUMBER IDENTIFIER | |
| control field | OSt |
| 008 - FIXED-LENGTH DATA ELEMENTS--GENERAL INFORMATION | |
| fixed length control field | 250612b |||||||| |||| 00| 0 eng d |
| 020 ## - INTERNATIONAL STANDARD BOOK NUMBER | |
| International Standard Book Number | 9798886130874 |
| 082 ## - DEWEY DECIMAL CLASSIFICATION NUMBER | |
| Classification number | 514.325 |
| 100 ## - MAIN ENTRY--PERSONAL NAME | |
| Personal name | Wing-Sum Cheung |
| 245 ## - TITLE STATEMENT | |
| Title | Metric Space Topology |
| Remainder of title | Examples, Exercises and Solutions |
| Statement of responsibility, etc | Wing-Sum Cheung |
| 250 ## - EDITION STATEMENT | |
| Edition statement | 1st |
| 260 ## - PUBLICATION, DISTRIBUTION, ETC. (IMPRINT) | |
| Place of publication, distribution, etc | London |
| Name of publisher, distributor, etc | World Scientific |
| Date of publication, distribution, etc | 2025 |
| 500 ## - GENERAL NOTE | |
| General note | TRANSFERED |
| 650 ## - SUBJECT ADDED ENTRY--TOPICAL TERM | |
| Form subdivision | Mathematics |
| General subdivision | Topology |
| 942 ## - ADDED ENTRY ELEMENTS (KOHA) | |
| Item type | Books |
| Source of classification or shelving scheme | Dewey Decimal Classification |
| Withdrawn status | Lost status | Damaged status | Permanent location | Current location | Shelving location | Date acquired | Source of acquisition | Full call number | Barcode | Date last seen | Koha item type |
|---|---|---|---|---|---|---|---|---|---|---|---|
| CENTRAL LIBRARY, NOORUL ISLAM CENTRE FOR HIGHER EDUCATION | CENTRAL LIBRARY, NOORUL ISLAM CENTRE FOR HIGHER EDUCATION | Mathematics | 06/12/2025 | Gift Books from Department | 514.325 R5 | 85127 | 06/12/2025 | Books |
